000 00374 a2200157 4500
001 170599
020 _a
040 _cMagnum
100 _aRegina, Tia.
240 1 0 _aO boi das aspas de ouro - o gaviao e a raposa
_lpor
245 1 0 _aO boi das aspas de ouro - o gaviao e a raposa
362 0 _a1899
440 1 _aPaulus
697 _aIJ/LENDAS, FOLCLORE
942 _cBK
999 _c170599
_d170599